Name all the Project Stardust Ships! - Statistics

General Stats
  • This quiz has been taken 382 times
    99 since last reset
  • The average score is 83 of 274
Answer Stats
Faction Ships % Correct
Covenant CCS
81%
Covenant DOS
81%
Covenant CAR
79%
Covenant CPV
75%
UNCF Yamato
73%
Covenant DDS
71%
Covenant OSA
68%
Covenant CRS
67%
Covenant ORS
67%
UNSC Punic
67%
UNSC In Amber Clad
65%
UNCF Andromeda
63%
UNSC Thermopylae
63%
Covenant RPV
60%
UNCF Blue Noah
59%
UNCF Hiburi
59%
Galactic Empire Titan
59%
Gatlantis Apocalix
57%
UNSC Paris
57%
UNSC Thanatos
57%
Rebel Alliance MC-80
56%
Covenant PCS
56%
UNSC Sahara
56%
Covenant Banished CCS
54%
UNCF Dreadnought
54%
Covenant Hekar
54%
Galactic Empire Imperial Star Destroyer
54%
Galactic Republic Venator
54%
UNSC Warrior
54%
UNSC Epoch
52%
UNSC Pillar of Autumn
52%
Covenant RCS
52%
UNCF Super Andromeda
52%
UNSC Anlace
51%
UNSC Athena
51%
UNSC Athens
51%
Covenant DRP
51%
New Republic MC-85
51%
Reapers Sovereign
51%
UNCF Super Dreadnought
51%
UNSC Mangonel
49%
UNSC Orion
49%
UNSC Port Stanley
49%
UNSC Poseidon
49%
Covenant RDS
49%
New Republic Starhawk
49%
UNSC Autumn
48%
UNSC Charon
48%
Galactic Empire Compellor Class Star Cruiser
48%
UNSC Daring
48%
Systems Alliance Denali Mk.2
48%
Asari Destiny Ascension
48%
Garmillas Desura
48%
UNSC Erebus
48%
Galactic Empire Imperial Star Destroyer II
48%
Rebel Alliance MC-90
48%
UNSC Vanguard
46%
Systems Alliance Berlin
44%
Galactic Republic Liberator
44%
UNSC Point Blank
44%
UNSC Vindication
44%
UNSC Bunker Hill
43%
UNSC Eion
43%
Systems Alliance Normandy SR1
43%
Systems Alliance York
43%
Galactic Empire Dominator
41%
UNSC Halcyon
41%
Systems Alliance Normandy SR2
41%
Covenant SDV
41%
UNCF Shunran
41%
UNSC Valiant
41%
Systems Alliance Kilimanjaro
40%
UNSC Noryang
40%
UNSC Pantheon
40%
Galactic Empire Secutor
40%
UNSC Stalwart
40%
Systems Alliance Alamo
38%
UNSC Astraeus
38%
UNSC Carolean
38%
Separatist Alliance Lucrehulk
38%
Separatist Alliance Providence
38%
Rebel Alliance Viscount
38%
UNCF Ark Royal X
37%
Garmillas Desura II
37%
Gatlantis Gostok
37%
UNSC Halberd
37%
Gatlantis Medalusa
37%
Garmillas Meltoria
37%
Gatlantis Nazca
37%
Garmillas Neu Desura
37%
UNSC Spirit of Fire
37%
UNSC Strident
37%
Asari Cybaen
35%
UNSC Erod
35%
UNSC Forward Unto Dawn
35%
First Order Resurgent
35%
UNCF Sagittarius
35%
UNCF Amaterasu
33%
UNSC Artemis
33%
UNSC Atlas
33%
MCRN Donnager
33%
GUIA Maya
33%
UNSC Moncton
33%
Galactic Empire Praetor Mark II
33%
UNSC Primeval
33%
UNSC Razor
33%
Rocinante Rocinante
33%
GUIA SUS Battleship
33%
Garmillas Zoelguut
33%
UNSC Cradle
32%
Garmillas Destoria
32%
Galactic Empire Gladiator
32%
Galactic Empire Tector
32%
MCRN Banshee
30%
Galactic Empire Golan-I Defense Platform
30%
Galactic Empire Golan-II Defense Platform
30%
Galactic Empire Golan-III Defense Platform
30%
Gatlantis Hailstorm
30%
UNSC Marathon
30%
Rebel Alliance MC-75
30%
New Republic Nebula Star Destroyer
30%
New Republic Obi-Wan
30%
Gatlantis Storm
30%
UNCF D-Class
29%
UNCF E-Class
29%
GUIA Ethos
29%
UNSC Hannibal
29%
MCRN Harman Dae-Jung
29%
UNCF Isokaze
29%
UNN Tripoli
29%
UNN Zenobia
29%
New Republic Endurance
27%
Galactic Republic Excubitor
27%
UNCF Kongou
27%
Gatlantis Lascaux
27%
Separatist Alliance Lucrehulk Battleship
27%
Rebel Alliance Nebulon B
27%
UNCF Nelson
27%
UNSC Olympus
27%
UNSC Savannah
27%
UNSC Templar
27%
OPA Tynan
27%
Galactic Empire Allegiance
25%
Galactic Empire Dreadnaught
25%
UNSC Hermes
25%
Garmillas Kripitera
25%
Separatist Alliance Providence Class Dreadnought "Invisible Hand"
25%
Separatist Alliance Recusant
25%
GUIA Segal
25%
MCRN Stealth-C
25%
UNN Truman
25%
UNCF Virginia
25%
UNCF Yukikaze
25%
Galactic Empire Consolidator
24%
Garmillas Darold
24%
Garmillas Desura II (Warship)
24%
OPA Dewalt
24%
Garmillas Gaiderol
24%
Galactic Empire Immobilizer
24%
Garmillas Kelkapia
24%
UNCF Maryland
24%
UNCF Neustrashimy
24%
Galactic Empire Onager Class Star Destroyer
24%
Free Navy Pella
24%
Garmillas Polmeria
24%
Galactic Empire Tyrant
24%
UNCF Vesuvio
24%
UNCF Apollo Norm
22%
UNN Baikal
22%
Garmillas Balgray
22%
Rebel Alliance Dauntless
22%
New Republic Hapan Battle Dragon
22%
Garmillas Imperial Guard Meltoria
22%
Garmillas Lanbea
22%
UNSC Orthrus
22%
Galactic Empire Victory 2
22%
Galactic Empire Arquitens
21%
OPA Gatamang Feronte
21%
UNCF Gearing
21%
Garmillas Gelvades
21%
New Republic Majestic
21%
New Republic MC140 Scythe
21%
Garmillas Mirangal
21%
Separatist Alliance Munificent
21%
UNCF Mutsu
21%
Garmillas Neu Balgray
21%
UNCF Nurnberg
21%
Separatist Alliance Providence MK2
21%
Separatist Alliance Recusant (Dreadnought)
21%
Galactic Republic Rothana Battlecruiser
21%
Garmillas UX-01
21%
Galactic Empire Victory 1
21%
UNCF Arizona
19%
Galactic Republic Chancellor Class Battlecruiser
19%
Galactic Republic Command Venator "Resolute"
19%
UNCF Enceladus
19%
Garmillas Haizerad
19%
UNN Leonidas
19%
MCRN Morrigan
19%
MCRN Raptor
19%
MCRN Scirocco
19%
UNCF Asuka
17%
Rebel Alliance Hammerhead Cruiser
17%
UNSC Hillsborough
17%
Garmillas Imperial Guard Polmeria
17%
Gatlantis Karakulum
17%
Galactic Republic Open Circle Fleet Venator
17%
OPA Condenashang
16%
Galactic Empire Devastator
16%
UNCF Kirishima
16%
UNN Munroe
16%
UNCF Murasame
16%
GUIA Pascal
16%
UNN Phantom
16%
New Republic Ralroost
16%
Galactic Republic Republic Interdictor
16%
MCRN Shandian
16%
UNCF Aquarius
14%
New Republic Bothan Assault Cruiser
14%
Galactic Empire Chimaera
14%
MCRN Corvette
14%
GUIA Furi-Te
14%
Garmillas Galmania
14%
GUIA Heruteru
14%
Galactic Empire Imperial Venator
14%
Galactic Republic Legacy Star Destroyer
14%
UNCF Lexington
14%
First Order Night Terror
14%
New Republic Nova Battlecruiser
14%
Galactic Republic Republic Secutor
14%
New Republic Sacheen
14%
Garmillas Type II
14%
Gatlantis Vengeful
14%
Garmillas Boterean
13%
New Republic Corona
13%
Garmillas Domelaze III
13%
Garmillas Imperator
13%
Garmillas Imperial Guard Kelkapia
13%
Gatlantis Kukulkan
13%
Galactic Empire Lancer Class Frigate
13%
Rebel Alliance MC-40A
13%
Rebel Alliance MC-80A "Home One"
13%
UNCF Mogami
13%
Garmillas Schderg
13%
UNCF Haruna
11%
New Republic Liberator Cruiser
11%
Rebel Alliance MC-30C
11%
New Republic Champion
10%
Galactic Empire Crimson Command Victory
10%
New Republic Defender
10%
UNCF Fuyutsuki
10%
Garmillas L'Andromede
10%
UNN Orbital Railgun
10%
Separatist Alliance Rapier Frigate
10%
Galactic Empire Vindicator
10%
Garmillas Delamaya
8%
UNCF Ginga
8%
Garmillas Jugenceta
8%
UNCF Mikura
8%
Rebel Alliance Quasar
8%
Galactic Republic Republic Victory 1
8%
Galactic Republic Acclamator
6%
Rebel Alliance Assault Frigate Mk1
6%
Rebel Alliance Assault Frigate Mk2
6%
Galactic Empire bIG bOI ARqUiTENS
6%
Rebel Alliance GR-75
6%
Galactic Empire Procursator
6%
Galactic Republic Republic Arquitens
6%
Galactic Empire Ton-Falk
6%
UNCF Yuunagi
6%
Rebel Alliance CR-90
5%
Garmillas Grasheria
5%
Galactic Empire Classic Imperial Star Destroyer
3%
UNSC Gladius
3%
No matching quizzes found
Score Distribution
Percent of People with Each Score
Percentile by Number Answered
Your Score History
You have not taken this quiz since the last reset